Countries that Celebrate Christmas - Sudden Death - Statistics

General Stats
  • This quiz has been taken 286 times
    55 since last reset
  • The average score is 9 of 34
Answers on the Grid
Answers color-coded by a green-red scale on the quiz's grid according to % correct below.
Afghanistan
Albania
Algeria
Armenia
Azerbaijan
Bahrain
Bangladesh
Bhutan
Botswana
Brazil
Brunei
Cambodia
Chad
China
Colombia
Cuba
El Salvador
Fiji
France
Georgia
Germany
Guyana
Honduras
India
Iran
Ireland
Israel
Japan
Kazakhstan
Kuwait
Laos
Lebanon
Liberia
Libya
Maldives
Mali
Mauritania
Mauritius
Mongolia
Morocco
Myanmar
Namibia
Niger
North Korea
Oman
Pakistan
Qatar
Russia
Saint Lucia
Saint Vincent and the Grenadines
Saudi Arabia
Slovenia
Somalia
South Korea
Taiwan
Tajikistan
Thailand
Tunisia
Turkey
Turkmenistan
United Arab Emirates
United Kingdom
United States
Uzbekistan
Vatican City
Venezuela
Vietnam
Yemen
 
Answer Stats
Answer % Correct
Brazil
53%
France
53%
Cuba
47%
Albania
42%
Saint Lucia
42%
United States
42%
Germany
37%
Russia
37%
United Kingdom
37%
Vatican City
37%
El Salvador
32%
Guyana
32%
Saint Vincent and the Grenadines
32%
Armenia
26%
Botswana
26%
Ireland
26%
Slovenia
26%
Venezuela
26%
Chad
21%
Colombia
21%
Fiji
21%
Georgia
21%
Honduras
21%
Namibia
21%
South Korea
21%
Liberia
16%
India
11%
Bangladesh
5%
Kazakhstan
5%
Lebanon
5%
Mali
5%
Mauritius
5%
Myanmar
5%
Niger
0%
No matching quizzes found
Score Distribution
Percent of People with Each Score
Percentile by Number Answered
Your Score History
You have not taken this quiz since the last reset